00401nam a2200109Ia 4500082001600000245006500016100005000081942000700131008004100138999001700179952009500196 aNDE KF VARK 0aULittle Lucky Lolo kanye ne Phaliswano leCola Cup [Ndebele]  a VARKEL, Adrian Johannesburg, 2008 914995 cBK210817s9999 xx 000 0 und d c77767d77766 00104070aCAROLbCAROLd2021-08-17g73.75l0p33228019640679r2021-08-17w2021-08-17yBK